Investments (Record no. 85523)

MARC details
000 -LEADER
fixed length control field 00785 a2200265 4500
003 - CONTROL NUMBER IDENTIFIER
control field CBULib
005 - DATE AND TIME OF LATEST TRANSACTION
control field 20241106122004.0
008 - FIXED-LENGTH DATA ELEMENTS--GENERAL INFORMATION
fixed length control field 241030b |||||||| |||| 00| 0 eng d
020 ## - INTERNATIONAL STANDARD BOOK NUMBER
International Standard Book Number 9780073314655
040 ## - CATALOGING SOURCE
Language of cataloging English
Transcribing agency CBULib
Description conventions rda
050 ## - LIBRARY OF CONGRESS CALL NUMBER
Classification number HG 4521 Bod
100 ## - MAIN ENTRY--PERSONAL NAME
Personal name Bodie, Zvi
245 ## - TITLE STATEMENT
Title Investments
Statement of responsibility, etc / by Zvi Bodie
250 ## - EDITION STATEMENT
Edition statement Seventh edition.
260 ## - PUBLICATION, DISTRIBUTION, ETC. (IMPRINT)
Name of publisher, distributor, etc McGraw-Hill,
Date of publication, distribution, etc 2008
Place of publication, distribution, etc Boston :
300 ## - PHYSICAL DESCRIPTION
Extent xxix, 999, 2,13, 22 pages : illustrations
336 ## - CONTENT TYPE
Source rdacontent
Content type term Text |
Content type code txt
337 ## - MEDIA TYPE
Source rdamedia
Media type term Unmediated |
Media type code n
338 ## - CARRIER TYPE
Source rdacarrier
Carrier type term Volume
Carrier type code nc
500 ## - GENERAL NOTE
General note Includes bibliographical references, glossary and index
650 #0 - SUBJECT ADDED ENTRY--TOPICAL TERM
9 (RLIN) 3084
Topical term or geographic name as entry element INVESTMENTS
650 #0 - SUBJECT ADDED ENTRY--TOPICAL TERM
9 (RLIN) 2031
Topical term or geographic name as entry element FINANCES
650 #0 - SUBJECT ADDED ENTRY--TOPICAL TERM
9 (RLIN) 3871
Topical term or geographic name as entry element PORTFOLIO MANAGEMENT
942 ## - ADDED ENTRY ELEMENTS (KOHA)
Source of classification or shelving scheme
Koha item type MONOGRAPH
Holdings
Withdrawn status Lost status Source of classification or shelving scheme Damaged status Not for loan Collection code Permanent Location Current Location Shelving location Date acquired Source of acquisition Full call number Barcode Date last seen Price effective from Koha item type
          CBU-Lusaka Campus CBU- LUSAKA CAMPUS CBU-MAIN LIBRARY, KITWE. General Stacks 10/30/2024 BOOK AID INTERNATIONAL HG 4521 Bod 752846 10/30/2024 10/30/2024 MONOGRAPH